000 00513nam a22002057a 4500
003 OSt
005 20240625104005.0
008 240625b |||||||| |||| 00| 0 eng d
020 _a0435456423
040 _cmust
082 _aWA 525 N721c 2001
100 _aNolan,Yvonne
_911776
245 _aCare :
_bS/NVQ/
_cYvonne Nolan
260 _aUk:
_bHeinemann;
_c2001
300 _a412p.:
_bill;
_c26cm.
440 _acandidate handbook
_917759
504 _aIncludes index
600 _2Nursing
942 _2z
_cO_SHELF
999 _c8789
_d8789